Alejandro Magno / (Record no. 184112)

MARC details
000 -LEADER
campo de control de longitud fija 00775nam a2200229 i 4500
001 - NÚMERO DE CONTROL
campo de control 184112
003 - IDENTIFICADOR DE NÚMERO DE CONTROL
campo de control ES-MaACL
005 - FECHA Y HORA DE LA ÚLTIMA TRANSACCIÓN
campo de control 20250407063123.0
008 - DATOS DE LONGITUD FIJA--INFORMACIÓN GENERAL
campo de control de longitud fija 150318s1944 sp |||| |bspa d
080 ## - NÚMERO DE LA CLASIFICACIÓN DECIMAL UNIVERSAL
Número de la Clasificación Decimal Universal 929 Alejandro Magno
100 1# - ENTRADA PRINCIPAL--NOMBRE DE PERSONA
Nombre de persona Montero Díaz, Santiago,
Fechas asociadas al nombre 1911-1985
9 (RLIN) 82517
245 10 - MENCIÓN DEL TÍTULO
Título Alejandro Magno /
Mención de responsabilidad, etc. Santiago Montero Díaz.
260 ## - PUBLICACIÓN, DISTRIBUCIÓN, ETC.
Lugar de publicación, distribución, etc. Madrid :
Nombre del editor, distribuidor, etc. Atlas,
Fecha de publicación, distribución, etc. 1944.
300 ## - DESCRIPCIÓN FÍSICA
Extensión 157 p. ;
Dimensiones 20 cm.
490 1# - MENCIÓN DE SERIE
Mención de serie Vidas ;
Designación de volumen o secuencia 13
597 ## - NOTA DE DESCRIPCIÓN FÍSICA
NOTA DE DESCRIPCIÓN FÍSICA Con sello de: Biblioteca D.P. Educación Nacional, Madrid.
598 ## - NOTA LOCAL
Nota local Colección de biografías... bajo la dir. de Joaquín Arrarás.
600 07 - PUNTO DE ACCESO ADICIONAL DE MATERIA--NOMBRE DE PERSONA
Nombre de persona Alejandro Magno-
Subdivisión general Biografías.
9 (RLIN) 19704
830 0# - PUNTO DE ACCESO ADICIONAL DE SERIE-TÍTULO UNIFORME
Título uniforme Vidas ;
Designación de volumen o secuencia 13
9 (RLIN) 192031
852 ## - LOCALIZACIÓN
Ubicación ES-MaACL
Número de control de estantería E-15499
Nota libre . - enc. hol.
Holdings
Estatus retirado Estado de pérdida Estado de daño No para préstamo Biblioteca de origen Biblioteca actual Ubicación en estantería Fecha de adquisición Fuente de adquisición Total de préstamos Signatura topográfica completa Código de barras Visto por última vez Precio de reemplazo Tipo de ítem Koha
        Biblioteca del Ateneo de Madrid Biblioteca del Ateneo de Madrid Depósito 2 18/03/2015     E-15499 1193625 23/02/2023 23/02/2023 Libro impreso